000 00877nam a2200265Ia 4500
003 OSt
005 20221007111455.0
006 a|||||r|||| 00| 0
007 ta
008 221006b |||||||| |||| 00| 0 eng d
024 _a23,606
037 _cTextual
040 _aLCO
_cLCO
_beng
041 _2eng
_aeng
082 _aX:9582qN52, J2
100 _aSrivastava Kirpa Dayal
_9376422
245 0 _aEmployees' Provident Funds Act, 1952
260 _aLucknow
_bEastern Book Company India
_c1952
500 _aCommmentaries; The Employees' Provident Funds Scheme, 1952; The Employees' Family Pension Scheme, 1971
650 _a PENSION SCHEME
_9701652
650 _aPROVIEDENT FUNDS
_9703137
700 _a Srivastava Naresh Kumar
942 _hX:9582qN52, J2
_cTEXL
999 _c1193169
_d1193169